000 04160nam a2200445 a 4500
005 20101216114758.0
010 _aB-418999-017
020 _c375.00
_a9788131726945
035 _aB-418999-017
037 _bUBH
082 _a519.5
100 _aTanis, Elliot A.
_924864
245 _aA brief course in mathematical statistics /
_cby Elliot A. Tanis [and] Robert V. Hogg
260 _aNew Delhi
_bPearson Education
_c2009
270 _a14, Local Shopping Centre, Panchsheel Park
_bNew Delhi
_e110017
300 _avi, 359p.
_c26cm(pbk)
500 _aIncludes index
700 _a Hogg, Robert V.
_924855
942 _2ddc
_cEN
_mTAN
_h519.5
999 _c35955
_d35955